Atlas de la naturaleza y del medio ambiente en España
Guardat en:
| Autors principals: | , |
|---|---|
| Format: | Llibre |
| Idioma: | espanyol |
| Publicat: |
Madrid
Espasa Calpe
1999
|
| Matèries: | |
| Etiquetes: |
Afegir etiqueta
Sense etiquetes, Sigues el primer a etiquetar aquest registre!
|
MARC
| LEADER | 00000cam a2200000 a 4500 | ||
|---|---|---|---|
| 001 | UCG9884 | ||
| 003 | CL-VaPUC | ||
| 008 | 120412e19990000SP |||||||||||||||||spa|d | ||
| 020 | |a 8423992977 | ||
| 082 | 0 | 4 | |a 912.46 |b MER |2 21 |
| 100 | |a Merino Ruesga, Luis |e autor |9 561623 | ||
| 700 | 0 | |a Mosquera Martínez, María José |e author |9 561624 | |
| 245 | 1 | 0 | |a Atlas de la naturaleza y del medio ambiente en España |
| 300 | |a 256 p | ||
| 942 | |c BK | ||
| 945 | |d 20120412 00:00:00 |a dcastane | ||
| 260 | |a Madrid |b Espasa Calpe |c 1999 | ||
| 650 | 0 | |a Geografía |9 259346 | |
| 650 | 0 | |a Flora y fauna |9 338564 | |
| 650 | 0 | |a Atlas |9 260843 | |
| 651 | 0 | |a España |9 254926 | |
| 583 | |a last modification |c 20120412 10:24:00 |k Rodrigo Vera | ||
| 999 | |c 347410 |d 347408 | ||
| 952 | |0 0 |1 0 |4 0 |6 912_460000000000000_MER_1999 |7 0 |8 X |9 448718 |a BIBING |b BIBING |d 2019-11-22 |i 4853989 |o 912.46 MER 1999 |p 4853989 |r 2025-01-20 |w 2019-11-22 |y BK_X |k GEO | ||